| 000 | 00739nam a2200193 a 4500 | ||
|---|---|---|---|
| 008 | 060815s2005 ||||||||||||||||| || u | ||
| 020 | _a929045170X | ||
| 050 | _aUNIDIR902)2005/9 | ||
| 100 | _aDhanapala, Jayantha | ||
| 245 | 1 | 0 | _aMultilateral diplomancy and the NPT |
| 246 | _aan insider's account | ||
| 260 |
_aGeneva _bUnited Nations Institute for Disarmament Research [UNIDIR] _c2005 |
||
| 350 | _a0.00 | ||
| 650 | _aPOLITICS | ||
| 650 | _aDIPLOMACY | ||
| 700 | _aRydell, Randy | ||
| 710 | _aUnited Nations Institute for Disarmament Research (UNIDIR) | ||
| 995 |
_D0.00 _FCBU-MAIN LIBRARY (Kitwe) _H1 _I0.00 _M1 _UAVAILABLE _WAug 15, 2006 _ZInternational Publications |
||
| 999 |
_c51764 _d51764 |
||